00930nam a2200241Ia 450000100060000000300090000600800410001504000130005604000130006904100130008210000300009510000290012524500570015424500790021125000110029026000110030126000230031226000490033530000550038450001770043965000410061665000310065715201IT-RoPAU130308s9999 xx 000 0 und d aIT-RoPAU cIT-RoPAU aSPAGNOLO aGonzalez Cordero Demetrio gCodice Aut. SPICS: 29174 aMedios audiovisuales grupales-Un aprendizaje urgente bMedios de comunicacion Social al servicio del Evangelio Y del hombre (Los) a1a ed. aMADRID bEdiciones Paulinas c1986 [1° Ed.:1986 - Ed.Ling.Originale:1986] a"4 p. (prefazione: no ; testo: 4 [pagine: 56-59])" aMezzi Audiovisivi di gruppo Apprendimento Urgente Seria Riflessione Sulla Comunicazione e Sui contenuti del Messaggio Esigenza di Formazione utilizzazione Critica dei Media aSAGGI TEOLOGIA COMUNICAZIONE SOCIALE eCodice materia Spics: 9211